Physical science

Na minha lista:
Detalhes bibliográficos
Autor principal: Timothy M Cooney
Formato: Livro
Idioma:Undetermined
Publicado em: Glenview, Illinois Scott, Foresman 1990
Assuntos:
Tags: Adicionar Tag
Sem tags, seja o primeiro a adicionar uma tag!
Thư viện lưu trữ: Trung tâm Học liệu Trường Đại học Cần Thơ
LEADER 00556nam a2200193Ia 4500
001 CTU_16313
008 210402s9999 xx 000 0 und d
020 |b USA 
082 |a 530 
082 |b P578/1990 
100 |a Timothy M Cooney 
245 0 |a Physical science 
245 0 |c Timothy M Cooney, Jay M Pasachoff, Naomi Pasachoff 
260 |a Glenview, Illinois 
260 |b Scott, Foresman 
260 |c 1990 
650 |a physical sciences 
904 |i Nguyễn Quang Điền, 970514 
980 |a Trung tâm Học liệu Trường Đại học Cần Thơ